000 00756nam a2200253Ia 4500
003 OSt
005 20221005033820.0
006 a|||||r|||| 00| 0
007 ta
008 221004b |||||||| |||| 00| 0 san d
020 _c100
024 _a119460
037 _b249, 03/10/2011, Eastern Book Linkers
_cTextual
040 _aCRL
_cCRL
_bsan
041 _2san
_asan
082 _aO15,2x, Q1
100 _aSharma Sureshchander Ed.
_9586391
245 0 _aSanskrit laghukatha manjusha
260 _aDelhi
_bDelhi Sanskrit Academy India
_c2011
300 _a138p.
_ccm.
650 _aSANSKRIT LITERATURE
942 _hO15,2x, Q1
_cTEXL
_2cc
999 _c942125
_d942125